Una nueva interpretación del hombre: teoría de la desnaturación antropológica
Saved in:
| 主要作者: | |
|---|---|
| 格式: | 图书 |
| 语言: | 西班牙语 |
| 出版: |
Santiago
Andrés Bello
1972
|
| 主题: | |
| 标签: |
添加标签
没有标签, 成为第一个标记此记录!
|
MARC
| LEADER | 00000nam a2200000 a 4500 | ||
|---|---|---|---|
| 001 | UCI7073 | ||
| 003 | CL-VaPUC | ||
| 008 | 080605e19720000CL |||||||||||||||||spa|d | ||
| 082 | 0 | 4 | |a 573 |b SUB |2 21 |
| 100 | 0 | |a Subercaseaux, Benjamín |e author |9 505166 | |
| 245 | 1 | 4 | |a Una nueva interpretación del hombre: teoría de la desnaturación antropológica |
| 300 | |a 519 p | ||
| 942 | |c BK | ||
| 945 | |d 20080605 00:00:00 |a jtorresc | ||
| 260 | |a Santiago |b Andrés Bello |c 1972 | ||
| 650 | 0 | |a Antropología social |9 306264 | |
| 650 | 0 | |a Paleontología |9 314794 | |
| 650 | 0 | |a Antropología física |9 308323 | |
| 650 | 0 | |a Psicología individual |9 309049 | |
| 650 | 0 | |a Procesos mentales superiores |9 330839 | |
| 650 | 0 | |a Aspectos sociales |9 254894 | |
| 650 | 0 | |a Creencias |9 313510 | |
| 583 | |a last modification |c 20080605 00:00:00 |k Rodrigo Vera | ||
| 999 | |c 330472 |d 330470 | ||
| 952 | |0 0 |1 0 |4 0 |6 573_000000000000000_SUB_1972 |7 0 |8 A |9 416036 |a BIBTEO |b BIBTEO |d 2019-11-22 |i 4446771 |o 573 SUB 1972 |p 4446771 |r 2025-01-17 |w 2019-11-22 |y BK |k ICR | ||